La Universidad de Alcalá de Henares en la etapa fundacional (1458-1578) (Registro nro. 182235)
[ vista simple ]
| 000 -ENCABEZADO | |
|---|---|
| Número de control [NR] | 01039nam a22002417a 4500 |
| 005 - FECHA Y HORA DE LA ÚLTIMA TRANSACCIÓN | |
| control field | 20140903174947.0 |
| 008 - DE LONGITUD FIJA DE DATOS DE ELEMENTOS - INFORMACIÓN GENERAL | |
| Elementos de longitud fija [NR] | 131021s1992 sp frn 001 0 spa |
| 020 ## - NUMERO INTERNACIONAL NORMALIZADO PARA LIBROS [R] | |
| Número Internacional Normalizado del libro [NR] | 8470093509 |
| 040 ## - FUENTE DE CATALOGACION [NR] | |
| Agencia de catalogación original [NR] | CO-BoUCM |
| Idioma de catalogación [NR] | spa |
| Quien Cataloga | |
| Quien Clasifica | Aldemar Mondragón |
| 041 00 - CODIGO DE IDIOMA [R] | |
| Código de idioma para texto/pista de sonido o título separado [R] | Español |
| 100 1# - ASIENTO PRINCIPAL--NOMBRE PERSONAL [NR] | |
| Nombre personal [NR] | García Oro, José |
| ID Autoridad | 48430 |
| 245 13 - MENCION DE TITULO [NR] | |
| Título [NR] | La Universidad de Alcalá de Henares en la etapa fundacional (1458-1578) |
| Mención de responsabilidad, etc. [NR] | José García Oro |
| 260 ## - PUBLICACION, DISTRIBUCION, ETC. (PIE DE IMPRENTA) [R] | |
| Lugar de publicación, distribución, etc. [R] | Santiago de Compostela (España) |
| Nombre del editor, distribuidor, etc. [R] | Independencia Editorial |
| Fecha de publicación, distribución, etc. [R] | 1992 |
| 300 ## - DESCRIPCION FISICA [R] | |
| Extensión [R] | 441 páginas |
| 500 ## - NOTA GENERAL [R] | |
| Nota general [NR] | Incluye índice analítico |
| 500 ## - NOTA GENERAL [R] | |
| Nota general [NR] | Reimpresión. Edición original: Liceo franciscano. Año XLIV, n. 133-135 (en.-dic. 1992) |
| 610 27 - ASIENTO SECUNDARIO DE MATERIA - NOMBRE CORPORATIVO [R] | |
| Nombre corporativo o nombre de la jurisdicción como elemento de entrada [NR] | Universidad de Alcalá de Henares |
| Fuente del encabezamiento o término [NR] | embne |
| Subdivisión general [R] | Historia |
| 9 (RLIN) | 48481 |
| 650 #7 - ASIENTO SECUNDARIO DE MATERIA - TERMINO TEMATICO [R] | |
| Término temático o nombre geográfico como elemento de entrada [NR] | Educación superior |
| Subdivisión general [R] | Historia |
| Subdivisión geográfica [R] | Alcalá de Henares (España) |
| 9 (RLIN) | 48641 |
| 650 #7 - ASIENTO SECUNDARIO DE MATERIA - TERMINO TEMATICO [R] | |
| Término temático o nombre geográfico como elemento de entrada [NR] | Universidades |
| Subdivisión general [R] | Historia |
| Subdivisión geográfica [R] | Alcalá de Henares (España) |
| 9 (RLIN) | 48640 |
| 690 ## - ASUNTO AGREGADO LOCAL DE ENTRADA - TÉRMINO TEMÁTICO (OCLC, RLIN) | |
| 9 (RLIN) | 42799 |
| Acceso temático local | Educación superior |
| 942 ## - ELEMENTOS DE ENTRADA AGREGADOS (KOHA) | |
| Tema principal | Educación |
| Tipo de ítem principal el descrito en 300a | Libro |
| Edición | 1 |
| Parte restante de la signatura top. | G215u |
| Sistema de clasificación | DEWEY |
| Clasificación | 378.4641 |
| Fecha de último préstamo | Total préstamos | Total Renewals | Signatura topográfica | Código de barras | Última vez visto | Ejemplar | Costo de reposición | Price effective from | Tipo de ítem | Perdido | Sistema de clasificación | Dañado | No prestable | Tipo de ítem específico | Suprimido | Ubicación habitual | Ubicación actual | Localización | Fecha de creación | Proveedor | Forma de adquisición | Costo |
|---|---|---|---|---|---|---|---|---|---|---|---|---|---|---|---|---|---|---|---|---|---|---|
| 24/10/2013 | 1 | 7 | 378.4641 G215u | 100137218 | 05/12/2025 | Ej.1 | 60000.00 | 17/10/2013 | Libro | DEWEY | Libro | Claustro | Claustro | 2do piso | 17/10/2013 | 38 | Compra | 60000.00 |